00656nam a2200181 a 450000100100000000500170001000800410002704000250006810000240009324500500011725000120016726000390017930000210021849000210023983000270026095201700028799900170045700004019220201002033955.0130814s2004 sp 000 0 spa d aDO-SdBNPbspacBNPHU1 aWeiss, Brian96646110aMuchas vidas, muchos maestros /cBrian Weiss. a5a. ed. aMadrid :bPunto de Lectura,c2004. a256 p. ;c20 cm.1 aPunto de lectura 0aPunto de lectura93047 0010507-18MOaGRbGRcOId2013-08-14iLF1l0o p40192-10r2020-06-25w2020-06-25y1zPerteneció a la biblioteca personal de Germán Emilio OrnesZNo se presta c39682d39682